Taxmann's fundamentals of financial management / (Record no. 180989)

MARC details
000 -LEADER
fixed length control field 01024nam a22002537a 4500
005 - DATE AND TIME OF LATEST TRANSACTION
control field 20210825105700.0
010 ## - LCCN (DPL NO)
LC control number B-741400 1516ENO7 ENG-114559
020 ## - INTERNATIONAL STANDARD BOOK NUMBER
International Standard Book Number 9789350717004
Terms of availability 395.00
035 ## - SYSTEM CONTROL NUMBER
System control number EN-98091
035 ## - SYSTEM CONTROL NUMBER
System control number B-606675-691
035 ## - SYSTEM CONTROL NUMBER
System control number B-741400
037 ## - SOURCE OF ACQUISITION
Stock number dpl
Source of stock number/acquisition Gift
037 ## - SOURCE OF ACQUISITION
Source of stock number/acquisition DBAD/PUB
082 ## - DEWEY DECIMAL CLASSIFICATION NUMBER
Classification number 657.48
100 ## - MAIN ENTRY--PERSONAL NAME
Personal name Rustagi, R.P.
245 ## - TITLE STATEMENT
Title Taxmann's fundamentals of financial management /
Statement of responsibility, etc by R.P. Rustagi
250 ## - EDITION STATEMENT
Edition statement 10th ed
260 ## - PUBLICATION, DISTRIBUTION, ETC. (IMPRINT)
Place of publication, distribution, etc New Delhi
Name of publisher, distributor, etc Taxmann Publications
Date of publication, distribution, etc 2015
270 ## - ADDRESS
Address 59/32,New Rohtak Road,
City NewDelhi
Postal code 110005
Telephone number +91-11-45562222
Fax number -
Electronic mail address -
300 ## - PHYSICAL DESCRIPTION
Extent I-24,378p.
Dimensions 26cm(pbk)
942 ## - ADDED ENTRY ELEMENTS (KOHA)
Source of classification or shelving scheme Dewey Decimal Classification
Item type English Books
Call number suffix RUS
Classification part 657.48
Holdings
Withdrawn status Lost status Not for loan Collection code Home library Current library Date acquired Source of acquisition Cost, normal purchase price Full call number Barcode Copy number Cost, replacement price Koha item type Public note
      Non-fiction Central Library Central Library 25/08/2021 Gift/Eng/18.8.2021 395.00 657.48 RUS B-741400 1 395.00 English Books Gift

© Delhi Public Library
Hit Counter
free hit counter